| 000 | 00789nas a2200229 4500 | ||
|---|---|---|---|
| 001 | BR9505671 | ||
| 003 | BR-BrBNA | ||
| 005 | 20231205094432.0 | ||
| 007 | ta | ||
| 008 | 230509b bl.|||p| |||| 00| 00por d | ||
| 040 |
_aBR-BrBNA _bpor _cBiblioteca Nacional de Agricultura |
||
| 041 | _a(Pt) | ||
| 072 | _aC30; B50 | ||
| 100 | 1 | _aKeidann, E.M. | |
| 245 | 1 | _aFaculdade de Veterinaria - 70 anos UFRGS Arquivos da Faculdade de Veterinaria da UFRGS - 20 anos - nota historica | |
| 650 | _aUniversidade Federal | ||
| 650 | _aHistoria | ||
| 650 | _aVeterinaria | ||
| 773 | 0 |
_tArquivos da Faculdade de Veterinaria da Universidade Federal do Rio Grande do Sul (Brazil) _xISSN 0101-5230 _g(1993), v. 21 p. 7-19 _wBR9505671 |
|
| 909 |
_a202311 _bLúcia _c55 _dLúcia Elande |
||
| 942 |
_2AGRIS _n0 _cANA |
||
| 999 |
_c144307 _d144307 |
||